01383cam a22003614i 4500003000900000005001700009008004100026035002000067040003300087050002000120082001700140082002000157110009400177245005400271246006200325264002800387300003900415336002000454337002100474338002200495505040800517526001000925526001000935526001000945526001000955526000800965526000800973526000800981526000800989526000800997526000801005526000801013PE-LiUPU20250731172855.0160822s2013 flu r 000 0 spa d a(Sirsi) a163080 aPE-LiUPUbspacPE-LiUPUerda 4aBX6152.66b.R4704a286.732bD6604a286.732068bD661 aDivisión Sudamericana de la Asociación General de los Adventistas del Séptimo día10aReglamentos eclesiástico-administrativos 2013 .3 aDos mil trece reglamentos eclesiástico-administrativos. aFlorida :bIASD,c2013. a735 páginas ;c20 centímetros. text2rdacontent unmediated2media volume2rdacarrier0 aConstitución de la asociación General -- Declaración de misión -- Reglamentos eclesiástico-administrativos de la división sudamericana -- Plan administrativo de la División Sudamericana -- Modelos de estatutos y reglamento interno -- Licencias/credenciales, estatus, llamados, registro de servicios, vacaciones y finanzas personales de los obreros -- Ministerio de capellanía adventista. aSEG42 aSEG41 aSEG40 aSEG39 aP94 aP87 aP86 aP85 aP77 aP76 aP35